000
00248pab a2200109 454500
008
180718b xxu||||| |||| 00| 0 eng d
100
_a
Verma, Kewal
245
_a
Appropriating BJP base
650
_a
Budget - India
773
_a
Mainstream
909
_a
2512
999
_c
2512
_d
2512